| 000 | 01111cam a2200361 a 4500 | ||
|---|---|---|---|
| 001 | 461329 | ||
| 003 | ARRUPE | ||
| 005 | 20160318121750.0 | ||
| 008 | 860414s1985 sa af b 001 0beng | ||
| 010 | _a 86126813 | ||
| 020 | _a0869752316 (pbk.) | ||
| 035 | _a(OCoLC)13902873 | ||
| 035 | _a(OCoLC)ocm13902873 | ||
| 035 | _a(CStRLIN)NYCG86-B37989 | ||
| 035 | _a(NNC)461329 | ||
| 040 |
_dCStRLIN _cDCL |
||
| 043 | _af-sa--- | ||
| 050 | 0 |
_aPR9369.3.D47 _bZ65 1985 |
|
| 082 | 0 |
_a822 _aB _219 |
|
| 090 |
_aPR9369.3.D47 _bZ65 1985 |
||
| 100 | 1 |
_aCouzens, Tim. _921280 |
|
| 245 | 1 | 4 |
_aThe new African : _ba study of the life and work of H.I.E. Dhlomo / _cTim Couzens. |
| 260 |
_aJohannesburg : _bRavan Press, _c1985. |
||
| 300 |
_axvii, 382 p.; _bill. ; _c22 cm. |
||
| 500 | _aIncludes index. | ||
| 504 | _aBibliography: p. [358]-368. | ||
| 600 | 1 | 0 |
_aDhlomo, H. I. E. _q(Herbert I. E.), _d1903-1956. _922999 |
| 650 | 0 |
_aBlacks in literature. _918698 |
|
| 650 | 0 |
_aBlacks _zSouth Africa _xIntellectual life. _99419 |
|
| 942 |
_2lcc _cMONOGRAPH |
||
| 948 | 2 |
_a20070201 _ba _csds12 _dMPS |
|
| 999 |
_c124390 _d124390 |
||